<?xml version="1.0" encoding="UTF-8"?>
<record
    xmlns:xsi="http://www.w3.org/2001/XMLSchema-instance"
    xsi:schemaLocation="http://www.loc.gov/MARC21/slim http://www.loc.gov/standards/marcxml/schema/MARC21slim.xsd"
    xmlns="http://www.loc.gov/MARC21/slim">

  <leader>00581nam a22002177a 4500</leader>
  <controlfield tag="003">UA-OsUOA</controlfield>
  <controlfield tag="001"> 35668 </controlfield>
  <controlfield tag="007">ta</controlfield>
  <controlfield tag="008">20051212b un ||||| |||| 00| 0 ukr d</controlfield>
  <datafield tag="090" ind1=" " ind2=" ">
    <subfield code="a">297.1</subfield>
    <subfield code="b">&#x41E;-86</subfield>
  </datafield>
  <datafield tag="942" ind1=" " ind2=" ">
    <subfield code="c">BK</subfield>
  </datafield>
  <datafield tag="040" ind1=" " ind2=" ">
    <subfield code="a">UA-OsUOA</subfield>
    <subfield code="b">rus</subfield>
    <subfield code="c">UA-OsUOA</subfield>
    <subfield code="d">UA-OsUOA</subfield>
  </datafield>
  <datafield tag="245" ind1=" " ind2=" ">
    <subfield code="a">&#x41E;&#x442;&#x43F;&#x43E;&#x440; &#x438;&#x441;&#x43B;&#x430;&#x43C;&#x430; &#x43F;&#x43E;&#x43F;&#x44B;&#x442;&#x43A;&#x430;&#x43C; &#x435;&#x433;&#x43E; &#x434;&#x438;&#x441;&#x43A;&#x440;&#x435;&#x434;&#x438;&#x442;&#x430;&#x446;&#x438;&#x438;</subfield>
    <subfield code="c">&#x417;&#x430;&#x43A;&#x437;&#x443;&#x43A; &#x41C;. &#x425;.</subfield>
  </datafield>
  <datafield tag="300" ind1=" " ind2=" ">
    <subfield code="a">150 &#x441;.</subfield>
  </datafield>
  <datafield tag="955" ind1=" " ind2=" ">
    <subfield code="a">0</subfield>
  </datafield>
  <datafield tag="041" ind1=" " ind2=" ">
    <subfield code="a">rus</subfield>
  </datafield>
  <datafield tag="080" ind1=" " ind2=" ">
    <subfield code="a">297.1</subfield>
  </datafield>
  <datafield tag="260" ind1=" " ind2=" ">
    <subfield code="a">&#x41A;&#x430;&#x438;&#x440;</subfield>
    <subfield code="c">2000</subfield>
  </datafield>
  <datafield tag="650" ind1=" " ind2="7">
    <subfield code="a">29 &#x41D;&#x435;&#x445;&#x440;&#x438;&#x441;&#x442;&#x438;&#x44F;&#x43D;&#x441;&#x44C;&#x43A;&#x456; &#x440;&#x435;&#x43B;&#x456;&#x433;&#x456;&#x457;</subfield>
    <subfield code="2">UDC</subfield>
  </datafield>
  <datafield tag="999" ind1=" " ind2=" ">
    <subfield code="c">322031</subfield>
    <subfield code="d">322031</subfield>
  </datafield>
  <datafield tag="952" ind1=" " ind2=" ">
    <subfield code="0">0</subfield>
    <subfield code="1">0</subfield>
    <subfield code="2">udc</subfield>
    <subfield code="4">0</subfield>
    <subfield code="7">0</subfield>
    <subfield code="a">102</subfield>
    <subfield code="b">102</subfield>
    <subfield code="d">2005-12-12</subfield>
    <subfield code="e">148/2005</subfield>
    <subfield code="g">2.00</subfield>
    <subfield code="i">89384</subfield>
    <subfield code="l">0</subfield>
    <subfield code="o">297.1 &#x41E;-86</subfield>
    <subfield code="p">89384</subfield>
    <subfield code="r">2022-02-07 00:00:00</subfield>
    <subfield code="w">2005-12-12</subfield>
    <subfield code="y">BK</subfield>
  </datafield>
  <datafield tag="952" ind1=" " ind2=" ">
    <subfield code="0">0</subfield>
    <subfield code="1">0</subfield>
    <subfield code="2">udc</subfield>
    <subfield code="4">0</subfield>
    <subfield code="7">0</subfield>
    <subfield code="a">102</subfield>
    <subfield code="b">102</subfield>
    <subfield code="d">2005-12-12</subfield>
    <subfield code="e">148/2005</subfield>
    <subfield code="g">2.00</subfield>
    <subfield code="i">89385</subfield>
    <subfield code="l">0</subfield>
    <subfield code="o">297.1 &#x41E;-86</subfield>
    <subfield code="p">89385</subfield>
    <subfield code="r">2022-02-07 00:00:00</subfield>
    <subfield code="w">2005-12-12</subfield>
    <subfield code="y">BK</subfield>
  </datafield>
</record>
